Statistics for Угадай татарские слова

Click here to take the quiz!

General Stats

  • This quiz has been taken 16 times
  • The average score is 8 of 21

Answer Stats

СловоПеревод% Correct
РәхмәтСпасибо
88%
АюМедведь
63%
СөтМолоко
56%
МайМасло
56%
ДиңгезМоре
50%
ЙөрәкСердце
50%
СузСлово
44%
ТупМяч
44%
ЮлбарысТигр
44%
ИртэУтро
44%
КомПесок
44%
ИпиХлеб
38%
КозОсень
31%
СабырлыкТерпение
25%
БоҗраКольцо
19%
ШэмэхаФиолетовый
13%
УкСтрела
13%
ИманВера
13%
МөһерПечать
6%
ВөҗданСовесть
6%
ТаҗКорона
6%

Score Distribution

Percentile by Number Answered

Percent of People with Each Score

Your Score History

You have not taken this quiz